00556nam a22001697a 450000500170000001000150001702000260003203500140005803700090007208200160008124501270009725000060022426000430023027000640027330000200033770000290035720260120144609.0 aENG-147562 a9788199367579c599.00 aEN-131094 bDBAD a327.540821 aIndia South Africa Relations Charting A Future in Changing World Order/cEdited By Samir Bhattacharya [and] Vishal Nirghen a1 aNew DelhibHar Anand Publicationc2025 aE-49/3, Okhla Industrial Area, Phase-II,bNew Delhie110020 a172p.c22cm(Hb) aNirghen, Vishal eEditor